00203nam a22000977a 4500003000400000245005500004260000900059300000800068942001200076999001700088SGT aAnnals of the National Academy of Medical Science  c2007 a210 2ddccBV c30188d30188